| 000 | 00000nas 2200000za 4500 |
| 001 | 9.500583 |
| 003 | CaOODSP |
| 005 | 20221107132905 |
| 007 | cr ||||||||||| |
| 008 | 150406d20112011qucar p o f0 a0eng|d |
| 022 | |a1609-0772 |
| 040 | |aCaOODSP|beng |
| 041 | |aeng|afre |
| 043 | |an-cn--- |
| 086 | 1 |aE81-1-PDF |
| 110 | 1 |aCanada.|bInternational Centre for Human Rights and Democratic Development. |
| 245 | 10|aRapport annuel … |h[electronic resource] = |bAnnual report. |
| 246 | 11|aAnnual report |
| 260 | |aMontreal : |bInternational Centre for Human Rights and Democratic Development, |c[2011] |
| 310 | |aAnnual |
| 362 | 0 |a2010/2011. |
| 520 | 3 |aExamines the activities of Rights & Democracy, a federally funded non-profit organization that promotes human rights in developing countries. Highlights the challenges of human rights advocates at the regional, national and international levels, covering such issues as: human security; women’s rights; poverty and hunger; HIV/AIDS; the effects of free trade agreements; and compliance with international treaties. Included are projects and initiatives, partnerships, and programming activities. |
| 546 | |aTexte in French and English. |
| 690 | 07|aHuman rights|2gcpds |
| 776 | 0#|tCentre international des droits de la personne et du développement démocratique - rapport annuel |w(CaOODSP)9.512219 |
| 780 | 00|tAnnual report |w(CaOODSP)9.506288 |
| 792 | |tRapport annuel … |efre|w(CaOODSP)9.502684 |